Catálogo
 En Linea

La crisis Dominicana. / (Registro nro. 46989)

Detalles MARC
000 -CABECERA
campo de control de longitud fija 01595nam a2200241 a 4500
001 - NÚMERO DE CONTROL
campo de control 000047501
003 - IDENTIFICADOR DEL NÚMERO DE CONTROL
campo de control DO-SdBNP
005 - FECHA Y HORA DE LA ÚLTIMA TRANSACCIÓN
campo de control 20240925135836.0
007 - CAMPO FIJO DE DESCRIPCIÓN FÍSICA--INFORMACIÓN GENERAL
campo de control de longitud fija ta
008 - DATOS DE LONGITUD FIJA--INFORMACIÓN GENERAL
campo de control de longitud fija 180608s1984 dr 000 spa d
020 ## - NÚMERO INTERNACIONAL ESTÁNDAR DEL LIBRO
Número Internacional Estándar del Libro 9681678327
040 ## - FUENTE DE LA CATALOGACIÓN
Centro catalogador/agencia de origen DO-SdBNP
Lengua de catalogación spa
Centro/agencia transcriptor BNPHU
082 #4 - NÚMERO DE LA CLASIFICACIÓN DECIMAL DEWEY
Número de edición 22
Número de documento/Ítem G557c
Número de clasificación 972.93054
100 1# - ENTRADA PRINCIPAL--NOMBRE DE PERSONA
Nombre de persona Gleijeses, Piero
9 (RLIN) 64160
245 13 - MENCIÓN DE TÍTULO
Título La crisis Dominicana. /
Mención de responsabilidad, etc. Piero Gleijeses.
260 ## - PUBLICACIÓN, DISTRIBUCIÓN, ETC.
Lugar de publicación, distribución, etc. México, D.F. :
Nombre del editor, distribuidor, etc. Fondo de Cultura Económica,
Fecha de publicación, distribución, etc. 1984.
300 ## - DESCRIPCIÓN FÍSICA
Extensión 470 p. ;
Dimensiones 24 cm.
500 ## - NOTA GENERAL
Nota general La biblioteca posee la 1ra. reimprsión de 1985
505 ## - NOTA DE CONTENIDO CON FORMATO
Nota de contenido con formato Bosquejo de la historia dominicana desde el Descubrimiento hasta la muerte de Trujillo (30-V-1961) 15|Nicaraguización o democratización? desde la muerte de Trujillo (30-V-1961) hasta el establecimiento del segundo Consejo de Estado (18-I-1962) 44|El gobierno provisional del Consejo de Estado (18-I-1962 / 25-IX-1963) y el gobierno Constitucional de Juan Bosch 77|El Triunvirato (25-IX-1963 / 24-IV-1965) 118|El contragolpe (24-IV-1965, de mediodía a medianoche) 168|Del contragolpe a la guerra civil (25-IV-1965, desde medianoche a las cuatro de la tarde) 184|El balance de fuerzas al comienzo de la guerra civil (La noche del 25 de abril) 203|La guerra civil (hasta el amanecer del 27 de abril) 226|Fracasa la jugada de San Isidro (Del amanecer del 27 de abril a la tarde del 28 de abril) 243|El triunfo del poder (La solución de la crisis. Su secuela inmediata: el Gobierno provisional de García Godoy) 261|La Pax Americana 261
590 ## - NOTA LOCAL (RLIN)
Nota local Inventariado, 2022/BT
910 ## - DATOS DE OPCIÓN DEL USUARIO (OCLC)
Datos de opción del usuario DG
942 ## - ELEMENTOS DE PUNTO DE ACCESO ADICIONAL (KOHA)
Fuente del sistema de clasificación o colocación Dewey Decimal Classification
Tipo de ítem Koha Libro
Existencias
Estado de retiro Estado de pérdida Fuente del sistema de clasificación o colocación Restricciones de uso No para préstamo Código de colección Localización permanente Ubicación/localización actual Ubicación en estantería Fecha de adquisición Signatura topográfica completa Código de barras Fecha visto por última vez Precio válido a partir de Tipo de ítem Koha Fuente de adquisición Total de préstamos Número de copia
    Dewey Decimal Classification Excluido de préstamo   Patrimonio Dominicano Biblioteca Nacional Pedro Henríquez Ureña Biblioteca Nacional Pedro Henríquez Ureña Depósito 08.06.2018 47501-10 25.06.2020 25.06.2020 Libro      
    Dewey Decimal Classification Excluido de préstamo   Patrimonio Dominicano Biblioteca Nacional Pedro Henríquez Ureña Biblioteca Nacional Pedro Henríquez Ureña En catalogación 21.06.2022   2022-3094 21.06.2022 21.06.2022 Libro Donación   e.2
    Dewey Decimal Classification Préstamo en sala   Dominicana de Servicio Biblioteca Nacional Pedro Henríquez Ureña Biblioteca Nacional Pedro Henríquez Ureña En catalogación 13.01.2023 BNPHU DS 972.93054 G557c 2023-0115 13.01.2023 13.01.2023 Libro     e.3

Con tecnología Koha